Giáo trình tiếng Anh chuyên ngành English for finance
Trình bày 42 bài sắp xếp theo các chủ đề: kinh tế học, tiền tệ - ngân hàng, tài chính, kế toán - kiểm toán, phân tích tài chính, marketing và kinh doanh quốc tế
Gorde:
| Egile nagusia: | |
|---|---|
| Formatua: | Liburua |
| Hizkuntza: | Vietnamese |
| Argitaratua: |
H.
Tài chính
2008
|
| Gaiak: | |
| Etiketak: |
Etiketa erantsi
Etiketarik gabe, Izan zaitez lehena erregistro honi etiketa jartzen!
|
| Thư viện lưu trữ: | Trung tâm Học liệu Lê Vũ Hùng, Trường Đại học Đồng Tháp |
|---|
| LEADER | 01290pam a22003138a 4500 | ||
|---|---|---|---|
| 001 | 00026716 | ||
| 005 | 20171026081025.0 | ||
| 008 | 110817s2008 ||||||viesd | ||
| 020 | |c 45000 | ||
| 041 | 0 | # | |a vie |
| 082 | 1 | 4 | |a 428 |b GI108TR |
| 100 | 1 | # | |a Cao Xuân Thiều |
| 245 | 1 | 0 | |a Giáo trình tiếng Anh chuyên ngành |b English for finance |c Cao Xuân Thiều ch.b. |
| 260 | # | # | |a H. |b Tài chính |c 2008 |
| 300 | # | # | |a 295 tr. |c 24 cm. |
| 500 | # | # | |a ĐTTS ghi: Học viện Tài chính |
| 520 | 3 | # | |a Trình bày 42 bài sắp xếp theo các chủ đề: kinh tế học, tiền tệ - ngân hàng, tài chính, kế toán - kiểm toán, phân tích tài chính, marketing và kinh doanh quốc tế |
| 650 | # | 4 | |a Giáo trình |
| 650 | # | 4 | |a Tài chính |
| 650 | # | 4 | |a Tiếng anh |
| 653 | # | # | |a Kinh tế |
| 653 | # | # | |a Tiếng Anh |
| 653 | # | # | |a chuyên ngành |
| 852 | # | # | |b Kho giáo trình |j KGT.0031953, KGT.0031954, KGT.0031955, KGT.0031956 |
| 852 | # | # | |b Kho mượn |j KGT.0031953 |
| 852 | # | # | |j KGT.0031954 |j KD.0010747 |j KGT.0031956 |j KGT.0031953 |j KGT.0031955 |
| 852 | # | # | |b Kho đọc |j KD.0010747 |
| 910 | |d 17/08/2011 | ||
| 980 | # | # | |a Trung tâm Học liệu Lê Vũ Hùng, Trường Đại học Đồng Tháp |